00648nam a2200181Ia 4500008004100000020001500041041001200056082001600068100001900084245008700103260003600190300000800226650001700234700002100251942000700272999001500279952017200294221030s9999 xx 000 0 und d a8170149908 aEnglish a105.23bVar aR. L. Varshney 0aManagerial Economics : Text, Problems & Casescby R. L. Varshney, K. L. Maheshwari bS. Chand & Co.aNew Delhic2002 a796 aBE Economics aK. L. Maheshwari cBK c1604d1604 pBE 6945g160.00l0o105.23 Varr2024-06-13 00:00:00w2022-10-30yBK003Print4070aMIETLIBbMIETLIBcBL-Academic Block- A, FL-1, CUP-89, SH-5, R-5d2003-08-1110HBE